Vývoj slovenskej ekonomiky v podmienkach globálnej krízy
Pozícia Slovenska v podmienkach prebiehajúcej globálnej krízy a informácie o stave slovenskej ekonomiky. Rozhodovanie, výber a zavádzanie vhodných opatrení na makro, či mikro úrovni. Vývoj vybraných ukazovateľov.
Na minha lista:
| Autor principal: | |
|---|---|
| Outros Autores: | , |
| Formato: | Capítulo de Livro |
| Idioma: | eslovaco |
| Assuntos: | |
| Tags: |
Sem tags, seja o primeiro a adicionar uma tag!
|
MARC
| LEADER | 00000nla$a2200000$$$4500 | ||
|---|---|---|---|
| 001 | 0128747 | ||
| 005 | 20240502072457.9 | ||
| 041 | 0 | |a slo | |
| 044 | |a SK | ||
| 245 | 1 | 0 | |a Vývoj slovenskej ekonomiky v podmienkach globálnej krízy |c Martin Matušovič, Miroslav Tóth, Alena Tóthová |
| 520 | |a Pozícia Slovenska v podmienkach prebiehajúcej globálnej krízy a informácie o stave slovenskej ekonomiky. Rozhodovanie, výber a zavádzanie vhodných opatrení na makro, či mikro úrovni. Vývoj vybraných ukazovateľov. | ||
| 610 | 2 | 0 | |a Slovensko |
| 610 | 2 | 0 | |a kríza hospodárska |
| 610 | 2 | 0 | |a vývoj hospodársky |
| 610 | 2 | 0 | |a politika štruktúrna |
| 610 | 2 | 0 | |a ukazovatele makroekonomické |
| 610 | 2 | 0 | |a produkt domáci hrubý |
| 610 | 2 | 0 | |a rozpočet štátny |
| 610 | 2 | 0 | |a výroba priemyselná |
| 610 | 2 | 0 | |a trh kapitálový |
| 100 | 1 | |a Matušovič, Martin | |
| 700 | 1 | |a Tóth, Miroslav, 1961- | |
| 700 | 1 | |a Tóthová, Alena, 1968- | |